00431nam a2200157Ia 4500008004100000040001900041041001200060082002100072245004500093260003200138300002100170504001900191650002400210651002300234850001600257131103s9999 xx 000 0 und d aLoreto College aEnglish aF/FORbLCBkB/E44 4aThe Age of Chaucercedited by Boris Ford aLondonbPelican Booksc1959 a496p.. c 18 cm. aIncludes index aChaucer - Criticism aEnglish literature aLCBkB/F/FOR